NAME EVERY NFL OPOTY! - Statistics

General Stats
  • This quiz has been taken 70 times
  • The average score is 10 of 22
Answer Stats
Hint Answer % Correct
2021 (WR) Cooper Kupp
80%
2020 (RB) Derrick Henry
78%
2010 (QB) Tom Brady
75%
2007 (QB) Tom Brady
75%
2018 (QB) Patrick Mahomes
65%
2012 (RB) Adrian Peterson
57%
2013 (QB) Peyton Manning
55%
2004 (QB) Peyton Manning
55%
2016 (QB) Matt Ryan
53%
2011 (QB) Drew Brees
49%
2008 (QB) Drew Brees
49%
2006 (RB) LaDainian Tomlinson
49%
2015 (QB) Cam Newton
43%
2001 (RB) Marshall Faulk
43%
2000 (RB) Marshall Faulk
43%
2009 (RB) Chris Johnson
35%
2005 (RB) Shaun Alexander
35%
2017 (RB) Todd Gurley
24%
2003 (RB) Jamal Lewis
18%
2014 (RB) DeMarco Murray
16%
2019 (WR) Micheal Thomas
10%
2002 (RB) Priest Holmes
8%
No matching quizzes found
Score Distribution
Percent of People with Each Score
Percentile by Number Answered
Your Score History
You have not taken this quiz